| 000 | 00883cam a2200253 a 4500 | ||
|---|---|---|---|
| 999 |
_c517 _d517 |
||
| 001 | 4345 | ||
| 003 | BD-DhUAP | ||
| 005 | 20200123103541.0 | ||
| 008 | 200123s1992 iaua b 001 0 eng | ||
| 020 | _a0697128814 | ||
| 040 |
_aDLC _cDLC _dBD-DhUAP |
||
| 082 | 0 | 0 |
_a170 ENG _223 |
| 100 | 1 | _aEnglehardt, Elaine E. | |
| 245 | 1 | 0 |
_aEthics & life : _ban interdisciplinary approach to moral problems / _cElaine E. Englehardt and Donald D. Schmeltekopf. |
| 260 |
_aDubuque, IA : _bWm. C. Brown Publishers, _cc1992. |
||
| 300 |
_aviii, 455 pages : _billustrations ; _c28 cm. |
||
| 504 | _aIncludes bibliographical references and index. | ||
| 650 | 0 | _aEthics. | |
| 650 | 0 | _aSocial ethics. | |
| 700 | 1 | _aSchmeltekopf, Donald D. | |
| 906 |
_a7 _bcbc _corignew _d3 _eopcn _f19 _gy-gencatlg |
||
| 942 |
_2ddc _cBK |
||